El precipicio de Faetón : nueva edición, estudio filológico y comento de Primero Sueño de Sor Juana Inés de la Cruz /
Juana Inés de la Cruz (1651-1695), poetisa y religiosa mexicana. Nació en San Miguel de Nepantla, Estado de México. Monja desde los dieciséis años, inicialmente en el convento de Santa Teresa la Antigua y posteriormente en el de San Jerónimo. En este último vio cristalizar gran parte de su obra, en...
সংরক্ষণ করুন:
| প্রধান লেখক: | |
|---|---|
| বিন্যাস: | গ্রন্থ |
| ভাষা: | স্প্যানিশ |
| প্রকাশিত: |
Frankfurt, Alemania : Madrid, España :
Vervuert ; Editorial Iberoamericana,
1996, c1996
|
| বিষয়গুলি: | |
| ট্যাগগুলো: |
কোনো ট্যাগ নেই, প্রথমজন হিসাবে ট্যাগ করুন!
|
MARC
| LEADER | 00000nam^a2200000^a^4500 | ||
|---|---|---|---|
| 001 | 000165480 | ||
| 005 | 20250521000000.0 | ||
| 009 | 20260310101018.583 | ||
| 020 | |a 3-89354-858-0 | ||
| 020 | |a 84-88906-44-7 | ||
| 037 | |a Acervo ITESO - Biblioteca | ||
| 041 | |a ESP | ||
| 082 | |a 860. 97203 |b PER | ||
| 100 | |a Pérez Amador Adam, Alberto |e (autor) | ||
| 245 | 1 | 3 | |a El precipicio de Faetón : |b nueva edición, estudio filológico y comento de Primero Sueño de Sor Juana Inés de la Cruz / |c A. Pérez Amador Adam. |
| 264 | 4 | |a Frankfurt, Alemania : |b Vervuert ; |a Madrid, España : |b Editorial Iberoamericana, |c 1996, c1996 | |
| 300 | |a 239 p. | ||
| 336 | |a texto |b txt |2 rdacontenido | ||
| 337 | |a sin mediación |b n |2 rdamedio | ||
| 338 | |a volumen |b nc |2 rdasoporte | ||
| 520 | |a Juana Inés de la Cruz (1651-1695), poetisa y religiosa mexicana. Nació en San Miguel de Nepantla, Estado de México. Monja desde los dieciséis años, inicialmente en el convento de Santa Teresa la Antigua y posteriormente en el de San Jerónimo. En este último vio cristalizar gran parte de su obra, en su mayoría, poética. Dominó los conocimientos de la cultura de su época. Junto con Juan Ruiz de Alarcón, es gloria del México virreinal y representante de la literatura hispanoamericana del siglo XVII. Sor Juana se defendió y abogó por los derechos culturales de la mujer. Obra en poesía: Primer sueño; Autos sacramentales: El cetro de José; El mártir del sacramento y El divino Narciso; comedias: Los empeños de una casa y Amor es más laberinto; en prosa: Carta de Sor Filotea de la Cruz; Carta athenagórica; Los ejercicios de la encarnación; Ofrecimientos del rosario; Respuesta a Sor Filotea; El caracol; un compendio de armonía musical, entre otras. Con base en su propia experiencia al traducir al alemán la obra Primero Sueño, de Sor Juana, Alberto Pérez Amador hace una exégesis del propio poema, cotejando las diveras versiones que de él existen en varias bibliotecas. | ||
| 649 | |a XX | ||
| 650 | |a Escritores Mexicanos | ||
| 650 | |a Monjas Mexicanas | ||
| 650 | |a Religiosos Mexicanos | ||
| 650 | |a Mujeres Mexicanas | ||
| 650 | |a Poesía Mexicana - |x Historia y Crítica | ||
| 650 | |a Literatura Mexicana - |x Historia y Crítica | ||
| 650 | |a Literatura Mexicana - |y Epoca Colonial, 1517-1821 | ||
| 650 | |a Literatura Barroca - |x Historia y Crítica | ||
| 650 | |a Literatura Barroca - |z México | ||
| 650 | |a Literatura de Mujeres - |x Historia y Crítica | ||
| 650 | |a Literatura de Mujeres - |z México | ||
| 650 | |a Literatura Religiosa - |x Historia y Crítica | ||
| 650 | |a Literatura Religiosa - |z México | ||
| 650 | |a Religión y Literatura | ||
| 650 | |a México - |x Historia - |y Siglo XVII | ||
| 650 | |a México - |x Historia - |y Virreinato, 1535-1821 | ||
| 650 | |a México - |x Historia - |y Epoca Colonial, 1517-1821 | ||
| 600 | |a Cruz, Juana Inés de la, |c Sor | ||
| 910 | |a Fondo General | ||
| 920 | |a Impresos - Libros | ||
| 930 | |a Colección General | ||
| 940 | |a Literatura | ||
| 905 | |a 101 | ||
| 901 | |a 0500099909 |b IT1 |c LIT |u 20250521 | ||
| 902 | |a https://opac.biblio.iteso.mx/vufind/Record/000165480 | ||